ბათუმის შოთა რუსთაველის სახელმწიფო უნივერსიტეტის ბიბლიოთეკა

ქართული ოთხთავის სიმფონია - ლექსიკონი = Симфония - словарь к грузинскому четвероглаву / (ბიბ.ჩანაწერი № 52738)

000 -ლიდერი
ფიქსირებული სიგრძის საკონტროლო ველი 01386nam a2200289Ia 4500
001 - საკონტროლო ნომერი
საკონტროლო ველი 19764
003 - საკონტროლო ნომრის იდენტიფიკატორი
საკონტროლო ველი GE_BSU
005 - ბოლო ოპერაციის თარიღი და დრო
საკონტროლო ველი 20200420221831.0
008 - ფიქსირებული სიგრძის მონაცემთა ელემენტები - ზოგადი ინფორმაცია
ფიქსირებული სიგრძის საკონტროლო ველი 181216s1986||||ge |||||||||||||| ||geo||
040 ## - კატალოგიზაციის წყარო
Transcribing agency GE_BSU
041 ## - ენის კოდი
Language code of text/sound track or separate title geo
080 ## - უნივერსალური ათობითი კლასიფიკაციის ინდექსი
Universal Decimal Classification number 81'374.26(038) : 27-247 ი-50
100 ## - მთავარი ჩანაწერი - პიროვნების სახელი
Personal name იმნაიშვილი, ივანე
9 (RLIN) 7657
245 ## - ცნობა სათაურის შესახებ
Title ქართული ოთხთავის სიმფონია - ლექსიკონი = Симфония - словарь к грузинскому четвероглаву /
Statement of responsibility, etc ივანე იმნაიშვილი ; ა. შანიძის რედაქციით.
264 ## - წარმოების, გამოცემის, დისტრიბუციის და სხვა ცნობები
გამოცემის, წარმოების, დისტრიბუციის... ადგილი თბილისი :
გამოცემის, წარმოების, დისტრიბუციის... სახელწოდება თბილ. უნ-ტის გამ-ბა,
გამოცემის, წარმოების, დისტრიბუციის... თარიღი 1986.
300 ## - ფიზიკური აღწერა
Extent 846 გვ. ;
Dimensions 21 სმ.
500 ## - ზოგადი შენიშვნა
General note პარალელური თავფურცელი რუსულ ენაზე
500 ## - ზოგადი შენიშვნა
General note წიგნი განკუთვნილია ფილოლოგებისათვის
653 ## - INDEX TERM--UNCONTROLLED
Uncontrolled term რელიგია
653 ## - INDEX TERM--UNCONTROLLED
Uncontrolled term ქართული ენა
653 ## - INDEX TERM--UNCONTROLLED
Uncontrolled term ქართული ოთხთავი
653 ## - INDEX TERM--UNCONTROLLED
Uncontrolled term სახარება
653 ## - INDEX TERM--UNCONTROLLED
Uncontrolled term ძველი აღთქმა
700 ## - ADDED ENTRY--PERSONAL NAME
Personal name შანიძის, ა.
Relator term რედაქტორი
9 (RLIN) 7943
942 ## - ADDED ENTRY ELEMENTS (KOHA)
Koha item type წიგნი
Source of classification or shelving scheme
ეგზემპლარები
ჩამოწერის სტატუსი დაკარგული ეგზემპლარის სტატუსი კლასიფიკაციის წყარო ან თაროზე გაწყობის სქემა დაზიანების სტატუსი არ გაიცემა მუდმივი მდებარეობა (დაცვის ადგილი) ამჟამინდელი ადგილსამყოფელი თაროზე განთავსების ადგილი შეძენის თარიღი ღირებულება, შესყიდვის ნორმალური ფასი სრული შენახვის შიფრი შტრიხკოდი ბოლო ოპერაციის თარიღი ეგზემპლარის მიმდევრობითი ნომერი (კეტერი?) ფასის ძალაში შესვლის თარიღი ეგზემპლარის სახეობა საჯარო შენიშვნა
          ბათუმის შოთა რუსთაველის სახელმწიფო უნივერსიტეტის მთავარი ბიბლიოთეკა ბათუმის შოთა რუსთაველის სახელმწიფო უნივერსიტეტის მთავარი ბიბლიოთეკა წიგნსაცავი 2018-12-17 8.80 81'374.26(038) : 27-247 ი-50 52100 2018-12-17 52100 2018-12-17 წიგნი 8.80 ლ.
          ბათუმის შოთა რუსთაველის სახელმწიფო უნივერსიტეტის მთავარი ბიბლიოთეკა ბათუმის შოთა რუსთაველის სახელმწიფო უნივერსიტეტის მთავარი ბიბლიოთეკა წიგნსაცავი 2018-12-17 8.80 81'374.26(038) : 27-247 ი-50 52101 2018-12-17 52101 2018-12-17 წიგნი 8.80 ლ
          ბათუმის შოთა რუსთაველის სახელმწიფო უნივერსიტეტის მთავარი ბიბლიოთეკა ბათუმის შოთა რუსთაველის სახელმწიფო უნივერსიტეტის მთავარი ბიბლიოთეკა წიგნსაცავი 2018-12-17 8.80 81'374.26(038) : 27-247 ი-50 52102 2018-12-17 52102 2018-12-17 წიგნი 8.80 ლ
          ბათუმის შოთა რუსთაველის სახელმწიფო უნივერსიტეტის მთავარი ბიბლიოთეკა ბათუმის შოთა რუსთაველის სახელმწიფო უნივერსიტეტის მთავარი ბიბლიოთეკა წიგნსაცავი 2018-12-17 8.80 81'374.26(038) : 27-247 ი-50 52131 2018-12-17 52131 2018-12-17 წიგნი 8.80 ლ